| 000 | 01824nam a2200217Ia 4500 | ||
|---|---|---|---|
| 003 | OSt | ||
| 005 | 20260606091847.0 | ||
| 008 | 210210b2001 xxu||||| |||| 00| 0 eng d | ||
| 040 | _cAL | ||
| 041 | _aKannada | ||
| 082 | _a371.1092K ACHT | ||
| 100 |
_aACHARYA (U L). _dಯು. ಎಲ್. ಆಚಾರ್ಯ _9265378 |
||
| 245 |
_aTe hi no divasa gata: gatisida sudinagalu. _bತೇ ಹಿನೋ ದಿವಸಾ ಗತಾ: ಗತಿಸಿದ ಸುದಿನಗಳು |
||
| 260 |
_aUdupi. _bRashtrakavi Govinda Pai Samshodhana Kendra., _c2001 |
||
| 300 | _axvi,198 | ||
| 520 | _aಇದು ಯು. ಎಲ್. ಆಚಾರ್ಯ ಅವರ ಜೀವನದ ನೆನಪುಗಳು ಮತ್ತು ಅನುಭವಗಳನ್ನು ಒಳಗೊಂಡ ಒಂದು ಆತ್ಮಕಥನಾತ್ಮಕ/ಜೀವನಚರಿತ್ರೆ (Biography) ಕೃತಿಯಾಗಿದೆ. ಮುಖ್ಯವಾಗಿ ಮಂಗಳೂರಿನ ಪ್ರಸಿದ್ಧ ಸೇಂಟ್ ಅಲೋಶಿಯಸ್ ಕಾಲೇಜು (St. Aloysius College) ಮತ್ತು ಶಿಕ್ಷಣ ಕ್ಷೇತ್ರದೊಂದಿಗಿನ ಅವರ ಒಡನಾಟ ಹಾಗೂ ಹಳೆಯ ಸುಂದರ ದಿನಗಳ ಸ್ಮರಣೆ ಇಲ್ಲಿದೆ. ಶೀರ್ಷಿಕೆಯ ಮಹತ್ವ: "ತೇ ಹಿನೋ ದಿವಸಾ ಗತಾ" ಎಂಬುದು ಸಂಸ್ಕೃತದ ಪ್ರಸಿದ್ಧ ಉಕ್ತಿ, ಇದರ ಅರ್ಥ "ಆ ದಿನಗಳು ಕಳೆದುಹೋದವು" (ಗತಿಸಿದ ಸುದಿನಗಳು) ಎಂದು. ಕಳೆದ ಹೋದ ಮಧುರ ದಿನಗಳ ನೆನಪನ್ನು ಈ ಕೃತಿ ಅನಾವರಣಗೊಳಿಸುತ್ತದೆ. | ||
| 650 |
_aAloysius College _9265379 |
||
| 690 |
_aBiography _9265380 |
||
| 906 | _a057004 | ||
| 942 |
_2ddc _cBK |
||
| 999 |
_c104323 _d104323 |
||